| 000 | 00460nam a22001337a 4500 | ||
|---|---|---|---|
| 003 | SGT | ||
| 082 |
_a617.601 _bA11P |
||
| 100 | _aMEETIKA, PAHUJA | ||
| 245 | _aASSOCIATION OF DENTITION STATUS TREATMENT NEEDS AND TOOTH ERUPTION SEQUENCE IN RELATION WITH BODY MASS INDEX IN GOVERNMENT AND PRIVATE SCHOOL CHILDREN OF SOUTH DELHI | ||
| 260 |
_aDELHI NCR _bSGT UNIVERSITY GURUGRAM _c2011 |
||
| 300 | _a1-90 | ||
| 650 | _aPUBLIC HEALTH DENTISTRY | ||
| 942 |
_2ddc _cTH |
||
| 999 |
_c17181 _d17181 |
||